Collected Poems 1909-1962
Збережено в:
| Автор: | |
|---|---|
| Формат: | Книга |
| Мова: | Undetermined |
| Опубліковано: |
Londres, Inglaterra
Faberand Faber
1963
|
| Предмети: | |
| Теги: |
Додати тег
Немає тегів, Будьте першим, хто поставить тег для цього запису!
|
MARC
| LEADER | 00000nam a2200000Ia 4500 | ||
|---|---|---|---|
| 008 | 170316s9999 xx 000 0 und d | ||
| 090 | |a 810 E-8cl | ||
| 100 | |a Elliot, Thomas Stearns | ||
| 245 | |a Collected Poems 1909-1962 | ||
| 260 | |a Londres, Inglaterra | ||
| 260 | |b Faberand Faber | ||
| 260 | |c 1963 | ||
| 300 | |a 238 páginas | ||
| 650 | |a LITERATURA ESTADOUNIDENSE | ||
| 999 | |c 20978 |d 20978 | ||
| 040 | |a cru BVZT | ||
| 942 | |c 15 D |h 810 E-8cl |2 z | ||
